Countries Bordering Russia - Sudden Death - Statistics

General Stats
  • This quiz has been taken 189 times
    161 since last reset
  • The average score is 7 of 14
Answers on the Grid
Answers color-coded by a green-red scale on the quiz's grid according to % correct below.
Norway
Finland
China
Latvia
Lithuania
Estonia
Georgia
Poland
Belarus
North Korea
Azerbaijan
Kazakhstan
Ukraine
Mongolia
Armenia
Moldova
Kyrgyzstan
Sweden
Romania
Bulgaria
Turkey
Iran
United States
Hungary
 
Answer Stats
Answer % Correct
China
68%
Kazakhstan
64%
Mongolia
63%
Ukraine
59%
North Korea
56%
Finland
54%
Lithuania
54%
Georgia
51%
Belarus
49%
Estonia
49%
Latvia
47%
Norway
42%
Poland
42%
Azerbaijan
36%
No matching quizzes found
Score Distribution
Percent of People with Each Score
Percentile by Number Answered
Your Score History
You have not taken this quiz since the last reset